000 00932nam a2200217 a 4500
001 HSB007096
005 20140926144443.0
008
020 _a9782888931065
050 _aNC 1001
_b.C579 2010
100 _aClazie, Ian.
245 0 _aCreating your digital design portfolio :
_cIan Clazie.
_ba practical guide to showcasing your work online /
260 _aSwitzerland :
_cc2010.
_bRotoVision,
300 _a192 pages :
_bcolored illustrations ;
_c26 cm.
520 _aThis is a comprehensive manual. It equips designers and illustrators with all they need to know to build and present a digital portfolio that packs a punch and will stand out in today's competitive creative job market.
650 _aArt portfolios
_xDesign.
650 _aDesign services
_xMarketing.
650 _aComputer graphics.
650 _aGraphic arts
_xVocational guidance.
942 _2lcc
_cBK
_kFOR
999 _c275899
_d275899